Színházi Világ - 3. évf. (1920) 33. sz.

Elmentve itt :
Bibliográfiai részletek
További közreműködők: Kardos István
Dokumentumtípus: Folyóirat
Megjelent: 1920
Sorozat:Színházi Világ 3 No. 33
Kulcsszavak:Színjátszás, Színházművészet
Tárgyszavak:
Online Access:http://misc.bibl.u-szeged.hu/76055
LEADER 00674nas a2200181 i 4500
001 misc76055
005 20250917101918.0
008 250915s1920 hu o 000 hun d
040 |a SZTE Miscellanea Repozitórium  |b hun 
041 |a hun 
245 0 0 |a Színházi Világ - 3. évf. (1920) 33. sz.  |h [elektronikus dokumentum] 
260 |c 1920 
490 0 |a Színházi Világ  |v 3 No. 33 
650 4 |a Bölcsészettudományok 
650 4 |a Művészetek (művészetek, művészettörténet, előadóművészetek, zene) 
695 |a Színjátszás, Színházművészet 
700 0 1 |a Kardos István 
856 4 0 |u http://misc.bibl.u-szeged.hu/76055/1/szinhazi_vilag_1920_033.pdf  |z Dokumentum-elérés